000 00641nam a2200265Ia 4500
005 20260306164459.0
008 008 260114s9999 xx 000 0 eng d
020 _a9780199984978
037 _aEBOOK
040 _aCRL
040 _beng
040 _cCRL
041 _2eng
041 _aeng
084 _qCRL
100 _aIwao Hirose, Jonas Olson
_91130842
245 4 _aThe Oxford Handbook Of Value Theory
260 _bOxford University Press
260 _c2015
650 _aPhilosophy
856 _uhttps://academic.oup.com/edited-volume/35491
942 _cEBOOK
999 _c1714239
_d1714239